Longest Song on Each Slipknot Album - Statistics

General Stats
  • This quiz has been taken 147 times
  • The average score is 3 of 7
Answer Stats
Album Length Answer % Correct
Iowa 15:03 Iowa
98%
Slipknot 19:15 Scissors
78%
All Hope Is Gone 6:53 Gehenna
38%
Vol 3: (The Subliminal Verses) 5:25 The Virus of Life
33%
We Are Not Your Kind 6:48 My Pain
30%
.5: The Gray Chapter 6:20 If Rain is What You Want
29%
The End, So Far 6:16 Medicine for the Dead
24%
No matching quizzes found
Score Distribution
Percent of People with Each Score
Percentile by Number Answered
Your Score History
You have not taken this quiz